Stranger Things: Death Quiz (1-4) - Statistics

General Stats
  • This quiz has been taken 3,063 times
    2,908 since last reset
  • The average score is 9 of 20
Answer Stats
Season Cause Killer Answer % Correct
3 Stabbed Mind Flayer Billy Hargrove
82%
2 Mauled Demodogs Bob Newby
80%
4 Bones snapped /eyes gouged out Vecna Chrissy Cunningham
76%
1 Captured and attacked Barbara Holland
74%
1 Gunshot Benny Hammond
56%
4 Blood loss Demobats Eddie Munson
55%
4 Bones snapped /eyes gouged out Vecna Fred Benson
53%
1 Destroyed Eleven Demogorgon
51%
3 Gunshot Alexei
44%
4 Bones snapped /eyes gouged out Vecna Patrick McKinney
41%
3 Melted Mind Flayer Heather Holloway
40%
2 Devoured D'Artagnan Mews
36%
3 Melted Mind Flayer Tom Holloway
33%
3 Melted Mind Flayer Doris Driscoll
29%
1 Brain crushed Eleven Connie Frazier
28%
4 Shot Sniper Martin Brenner
28%
3 Ripped apart by gears Hopper Grigori
22%
3 Melted Mind Flayer Janet Holloway
17%
3 Skull crushed Nancy Bruce Lowe
15%
4 Disintegrated by vines Jason Carver
15%
No matching quizzes found
Score Distribution
Percent of People with Each Score
Percentile by Number Answered
Your Score History
You have not taken this quiz since the last reset